000 00544 a2200205 4500
005 20260205142320.0
008 260205b |||||||| |||| 00| 0 eng d
020 _a9789367133255
_cRs. 1095.00
040 _aMAIN
082 _a158.3
_bM941T(5)
100 _aMurdock, Nancy L
245 _aTheories of counseling and psychotherapy: A case approach
250 _a5th
260 _bPearson
_c2026
_aNoida
300 _av.
650 _aPsychology
650 _aApplied Psychology
650 _aCounselling- Paxchotheraphy
942 _cBK
999 _c394793
_d394793